عرض عادي عرض مارك
  • ال سعود، عبد العزيز بن عبد الرحمن بن فيصل.

مدخل إسم شخص

عدد التسجيلات المستخدمة في: 1

001 - رقم الضبط

  • حقل الضبط: 92789

003 - معرف رقم الضبط

  • حقل الضبط: OSt

005 - تاريخ ووقت أخر عملية

  • حقل الضبط: 20220629095515.0

008 - عناصر بيانات ثابتة الطول

  • حقل تحكم ثابت الطول: 220629|| aca||aabn | a|a d

040 ## - مصدر الفهرسة

  • هيئة الفهرسة الأصلية: OSt
  • وكالة الكتابة: OSt

100 ## - مدخل -- أسم شخص

  • إسم شخص: ال سعود، عبد العزيز بن عبد الرحمن بن فيصل.
  • تواريخ مرتبطة بالاسم: 1293-1373 هـ

670 ## - بيانات المصدر موجوده

  • الاستشهاد بالمصدر: Work cat.: (OSt): الجاسر، حمد. 66968, دراسات وبحوث في تاريخ الملك عبد العزيز /, 2017